| 000 | 00783nam a22002057a 4500 | ||
|---|---|---|---|
| 999 |
_c18731 _d18731 |
||
| 003 | AR-CdUCM | ||
| 008 | 190515b ||||| |||| 00| 0 spa d | ||
| 040 |
_aMUNICIPALIDAD PROVINCIAL DEL CUSCO _cBIBLIOTECA MUNICIPAL DEL CUSCO |
||
| 082 |
_22ed. _a141 / _bD76 |
||
| 100 |
_aDilthey, Wilhelm _911114 |
||
| 245 | _aHegel y el idealismo / | ||
| 260 |
_aBuenosAires : _bFondo de cultura economica, _c1956. |
||
| 300 |
_a315 paginas ; _c25 cm. |
||
| 505 | _aContenido: Jena -- La filosofia alemana y la posición de Schelling en ella antes de su union con Hegel -- La marcha hacia el sistema propio -- Logica-Metafisica -- Filosofia natural... | ||
| 650 |
_aMetafisica _92817 |
||
| 650 |
_aFilosofia _9395 |
||
| 650 |
_aJena _939490 |
||
| 942 |
_2ddc _cLIBROS |
||
| 945 |
_apjha _d2019-05-15 |
||